| 000 | 00804nam a2200265 a 4500 | ||
|---|---|---|---|
| 001 | 71953 | ||
| 003 | BD-RjUL | ||
| 005 | 20211209082207.0 | ||
| 008 | 170511s1960 nyua b 00100 eng d | ||
| 035 | _a(BD-RjUL)72169 | ||
| 035 | _a2248266 | ||
| 040 |
_dBD-RjUL _aBD-RjUL _beng _cBD-RjUL |
||
| 041 | _aeng | ||
| 082 | 0 |
_a539.744 _223 _bNUC 1960 |
|
| 245 | 0 | 0 |
_aNuclear spectroscopy / _cedited by Fay Ajzenberg-Selove. |
| 260 |
_aNew York : _bAcademic Press, _c1960. |
||
| 300 |
_aPt. : _bill. ; _c24 cm. |
||
| 504 | _aIncludes bibligraphical references and indexes. | ||
| 505 | 0 | _aPt. A -- Pt. B -- | |
| 650 | 0 |
_aNuclear spectroscopy. _9159338 |
|
| 700 | 1 |
_aAjzenberg-Selove, Fay, _d1926- _9159339 |
|
| 942 |
_2ddc _cBK |
||
| 999 |
_c71953 _d71953 |
||